Sự kỳ diệu của sinh học: Bộ xương

Đã lưu trong:
Sonraí Bibleagrafaíochta
Príomhúdar: D Harper
Formáid: Leabhar
Teanga:Undetermined
Foilsithe: H. Văn Hoá 1998
Ábhair:
Clibeanna: Cuir Clib Leis
Gan Chlibeanna, Bí ar an gcéad duine leis an taifead seo a chlibeáil!
Thư viện lưu trữ: Trung tâm Học liệu Trường Đại học Cần Thơ
LEADER 00439nam a2200169Ia 4500
001 CTU_53279
008 210402s9999 xx 000 0 und d
082 |a 590 
082 |b H293 
100 |a D Harper 
245 0 |a Sự kỳ diệu của sinh học: Bộ xương 
245 0 |c D Harper 
260 |a H. 
260 |b Văn Hoá 
260 |c 1998 
650 |a zoology 
980 |a Trung tâm Học liệu Trường Đại học Cần Thơ